000 00366cam a2200169ua 4500
020 _c3.50
041 _amal
_h
082 _a923.2
_bCHA/BH
100 _aChaman Lal, Azad .
245 _aBhagath Singh - Dutt
260 _aQuilon :
_bJanayugam book ,
_c1967.
300 _a242 ; .
365 _a3.50
504 _a
942 _cBK
999 _c4358
_d4358